Normal view
MARC view
- Stamps, Caroline
Entry Corporate Name
001 - CONTROL NUMBER
- control field: 111339
003 - CONTROL NUMBER IDENTIFIER
- control field: NUST
005 - DATE AND TIME OF LATEST TRANSACTION
- control field: 20230324105133.0
008 - FIXED-LENGTH DATA ELEMENTS
- fixed length control field: 230324|| aca||aabn | a|a d
040 ## - CATALOGING SOURCE
- Original cataloging agency: NUST
- Transcribing agency: NUST
110 ## - HEADING--CORPORATE NAME
- Corporate name or jurisdiction name as entry element: Stamps, Caroline
670 ## - SOURCE DATA FOUND
- Source citation: Work cat.: (NUST): Horobin, Wendy 111338, First Earth encyclopedia:, 2018.
